000 00594nam a2200205 u 4500
005 20241109063733.0
008 160725s2007 r 000 0 eng d
020 _a9788496950627
020 _a9788485401031
035 _aUPN01000211887
049 _aCG
050 4 _aJC571
_bV3.2
100 1 _aVázquez Freire, Miguel,
_d1951-
_939322
245 1 0 _aDerechos humanos /
_cMiguel Vázquez Freire ; tr. de Nova Galicia Ediciones.
260 _aVigo, Esp. :
_bNova Galicia,
_c2007.
300 _a53 p.
440 0 _aQué me dices de...
650 4 _aDerechos humanos
_95797
905 _aLibro
999 _c183988
_d183988